UITU Library & LRC     

Solar Energy System with Data Saving and Monitoring (Record no. 33167)

MARC details
000 -LEADER
fixed length control field 00499nam a2200133Ia 4500
008 - FIXED-LENGTH DATA ELEMENTS--GENERAL INFORMATION
fixed length control field 260210s9999 xx 000 0 und d
024 ## - OTHER STANDARD IDENTIFIER
Standard number or code 12B-130-EL, 12B-138-EL, 12B-149-EL & 12B-164-EL
082 ## - DEWEY DECIMAL CLASSIFICATION NUMBER
Classification number 621.47078072 MUH
100 ## - MAIN ENTRY--PERSONAL NAME
Personal name Muhammad Daniyal Younus, Syed Usama Akhter, Faizan Erum Butt & Misbah Abrar
245 #0 - TITLE STATEMENT
Title Solar Energy System with Data Saving and Monitoring
260 ## - PUBLICATION, DISTRIBUTION, ETC.
Place of publication, distribution, etc. Karachi:
Name of publisher, distributor, etc. UITU,
Date of publication, distribution, etc. 2012
600 ## - SUBJECT ADDED ENTRY--PERSONAL NAME
Personal name Electrical Engineering
650 ## - SUBJECT ADDED ENTRY--TOPICAL TERM
Topical term or geographic name entry element Bachelor of Engineering (BE)

No items available.

Powered by Koha